000 00629nam a2200253Ia 4500
005 20250425161758.0
008 250425s9999 xx 000 0 und d
020 _a970101698X
041 _aspa
082 _a658.542
100 _aGARCIA CRIOLLO, ROBERTO
245 0 _aESTUDIO DEL TRABAJO: MEDICION DEL TRABAJO
250 _a1A ED.
260 _aMEXICO
260 _aMéxico
_bMCGRAW-HILL
_c1998
300 _a218
650 _aESTUDIO DEL TRABAJO
650 _aMUESTREO DEL TRABAJO
650 _aPRODUCTIVIDAD
650 _aRENDIMIENTO EN EL TRABAJO
650 _aSALARIOS
942 _c01
010 _a28633
999 _c215919
_d215919